| 000 | 00554nam a2200181Ia 4500 | ||
|---|---|---|---|
| 008 | 090201s9999 xx 000 0 und d | ||
| 010 | _aKPL-68529 | ||
| 040 | _bमराठी | ||
| 041 | _aमराठी | ||
| 082 |
_a47032 _b68529 |
||
| 100 | _aवा. ह. देशपांडे | ||
| 245 |
_aघरंदाज गायकी _cवा. ह. देशपांडे |
||
| 250 | _a2 | ||
| 260 |
_c2006 _bमौज प्रकाशन |
||
| 300 |
_a204 _bमध्यम |
||
| 600 | _aघरंदाज गायकी | ||
| 942 | _cBOOK | ||
| 999 |
_c243767 _d243767 |
||